Online
Catalog

XVII festival de atabales :. (Record no. 45779)

MARC details
000 -CABECERA
campo de control de longitud fija 00546nam a2200145 a 4500
001 - NÚMERO DE CONTROL
campo de control 000046290
005 - FECHA Y HORA DE LA ÚLTIMA TRANSACCIÓN
campo de control 20201002052750.0
008 - DATOS DE LONGITUD FIJA--INFORMACIÓN GENERAL
campo de control de longitud fija 150715s2006 dr 000 0 spa d
040 ## - FUENTE DE LA CATALOGACIÓN
Centro catalogador/agencia de origen DO-SdBNP
Lengua de catalogación spa
Centro/agencia transcriptor BNPHU
111 2# - ENTRADA PRINCIPAL--NOMBRE DE CONGRESO/REUNIÓN
Nombre de congreso/reunión o jurisdicción como elemento de entrada Festival de atabales
Número del congreso/reunión o número de parte o sección (17 :
Fecha del congreso/reunión 2006 : 24-26 nov.
Sede del congreso/Lugar de la reunión Sainaguá, San Cristobal, República Dominicana )
9 (RLIN) 74305
245 10 - MENCIÓN DE TÍTULO
Título XVII festival de atabales :.
246 13 - FORMA VARIANTE DE TÍTULO
Título propio/Titulo breve Decimoséptima festival de atabales
260 ## - PUBLICACIÓN, DISTRIBUCIÓN, ETC.
Lugar de publicación, distribución, etc. Sainaguá, San Cristóbal, República Dominicana :
Nombre del editor, distribuidor, etc. Fundación Sol Naciente,
Fecha de publicación, distribución, etc. 2006.
300 ## - DESCRIPCIÓN FÍSICA
Extensión 23 p. ;
Dimensiones 21 cm.
Holdings
Estado de retiro Estado de pérdida No para préstamo Código de colección Localización permanente Ubicación/localización actual Ubicación en estantería Fecha de adquisición Número de inventario Total de préstamos Signatura topográfica completa Código de barras Fecha visto por última vez Precio válido a partir de Tipo de ítem Koha Nota pública
    Excluido de préstamo Patrimonio Dominicano Patrimonio Dominicano Patrimonio Dominicano Depósito 15.07.2015 LF1   46290-10 25.06.2020 25.06.2020 Libro y Folleto Colección Patrimonio Dominicano Perteneció a la biblioteca personal de Chiqui Vicioso / Fidelio Despradel.

Powered by Koha